AKTA PERWAKILAN KUASA 1956 (AKTA 358) & DELEGATION OF POWERS ACT 1956 (ACT 358) : (Record no. 4471)

000 -LEADER
fixed length control field nam a22 a 4500
003 - CONTROL NUMBER IDENTIFIER
control field AKMAL
005 - DATE AND TIME OF LATEST TRANSACTION
control field 20170530122415.0
008 - FIXED-LENGTH DATA ELEMENTS--GENERAL INFORMATION
fixed length control field 170530s2006 my e l 000 0 eng d
020 ## - INTERNATIONAL STANDARD BOOK NUMBER
International Standard Book Number 9678904934
Qualifying information paperback
040 ## - CATALOGING SOURCE
Transcribing agency AKMAL
082 04 - DEWEY DECIMAL CLASSIFICATION NUMBER
Classification number 342.595044 MAL
Edition number 23
090 00 - LOCALLY ASSIGNED LC-TYPE CALL NUMBER (OCLC); LOCAL CALL NUMBER (RLIN)
Classification number (OCLC) (R) ; Classification number, CALL (RLIN) (NR) 342.595044
Local cutter number (OCLC) ; Book number/undivided call number, CALL (RLIN) MAL
110 1# - MAIN ENTRY--CORPORATE NAME
Corporate name or jurisdiction name as entry element Malaysia,
Relator term jurisdiction governed.
9 (RLIN) 400
240 11 - UNIFORM TITLE
Uniform title Akta Perwakilan Kuasa, 1956 (Akta 358).
Language of a work English
245 10 - TITLE STATEMENT
Title AKTA PERWAKILAN KUASA 1956 (AKTA 358) & DELEGATION OF POWERS ACT 1956 (ACT 358) :
Remainder of title (HINGGA 10HB Jun 2006) /
Statement of responsibility, etc. Disusun oleh: Lembaga Penyelidikan Undang-Undang
264 ## - PRODUCTION, PUBLICATION, DISTRIBUTION, MANUFACTURE, AND COPYRIGHT NOTICE
Place of production, publication, distribution, manufacture Petaling Jaya, Selangor :
Name of producer, publisher, distributor, manufacturer International Law Book Services,
Date of production, publication, distribution, manufacture, or copyright notice 2006
300 ## - PHYSICAL DESCRIPTION
Extent 27 pages ;
Dimensions 24 cm.
336 ## - CONTENT TYPE
Content type term text
Source rdacontent
337 ## - MEDIA TYPE
Media type term unmediated
Source rdamedia
338 ## - CARRIER TYPE
Carrier type term volume
Source rdacarrier
490 1# - SERIES STATEMENT
Series statement UNDANG-UNDANG MALAYSIA
546 ## - LANGUAGE NOTE
Language note Parallet text in Bahasa Malaysia and English
650 10 - SUBJECT ADDED ENTRY--TOPICAL TERM
Topical term or geographic name entry element Delegation of powers
General subdivision Law and legislation
Geographic subdivision Malaysia
9 (RLIN) 8667
710 2# - ADDED ENTRY--CORPORATE NAME
Corporate name or jurisdiction name as entry element Lembaga Penyelidikan Undang-Undang,
Relator term editor.
9 (RLIN) 8668
830 #0 - SERIES ADDED ENTRY--UNIFORM TITLE
Uniform title Undang-undang Malaysia
9 (RLIN) 8669
942 ## - ADDED ENTRY ELEMENTS (KOHA)
Source of classification or shelving scheme
Koha item type Book
Holdings
Withdrawn status Lost status Source of classification or shelving scheme Damaged status Not for loan Collection code Home library Current library Shelving location Date acquired Inventory number Total Checkouts Full call number Barcode Date last seen Date last checked out Price effective from Koha item type
          NON-FICTION AKMAL Melaka AKMAL Melaka PINJAMAN 30.05.2017 304994 1 342.595044 MAL 201707133 07.08.2019 06.08.2019 30.05.2017 Book
          NON-FICTION AKMAL Melaka AKMAL Melaka PINJAMAN 30.05.2017 304557 1 342.595044 MAL 201707132 07.08.2019 31.07.2019 30.05.2017 Book
          NON-FICTION AKMAL Melaka AKMAL Melaka PINJAMAN 30.05.2017 304556 2 342.595044 MAL 201707072 05.10.2023 05.09.2023 30.05.2017 Book
Pusat Sumber Maklumat Dato' Haji Sarmin Md Hussin, Akademi Kastam Diraja Malaysia, Melaka
Tel: 06-2331106 | Faks: 06-2313787